Top English Goalscorer in Different Football Competitions - Statistics

General Stats
  • This quiz has been taken 94 times
  • The average score is 5 of 16
Answer Stats
Answer % Correct
Harry Kane
100%
Alan Shearer
94%
Wayne Rooney
94%
Gary Lineker
86%
Jimmy Greaves
59%
Bradley Wright-Phillips
30%
Ellen White
21%
Tony Woodcock
15%
Fran Kirby
14%
Toni Duggan
10%
Gerald Hitchens
9%
Bob Ferrier
4%
David Wilson
4%
Rob McDonald
4%
Fred Kennedy
2%
Harry Cursham
2%
No matching quizzes found
Score Distribution
Percent of People with Each Score
Percentile by Number Answered
Your Score History
You have not taken this quiz